| 000 | 00567nam a2200145 a 4500 | ||
|---|---|---|---|
| 001 | 000028066 | ||
| 005 | 20200930031324.0 | ||
| 008 | 110406s1906 dr 000 0 spa d | ||
| 040 |
_aDO-SdBNP _bspa _cBNPHU |
||
| 100 | 1 |
_aHermogenes García, Zoilo _955089 |
|
| 245 | 1 | 3 |
_aLa provincia Espaillat y sus límites. : _bopiniones dedicadas á Moca y La Vega, representadas en el Congreso Nacional por sus dignos diputados / _cZoilo Hermogenes García. |
| 260 |
_aMoca, República Dominicana : _bImprenta Rafael E. Rojas, _c1906. |
||
| 300 |
_a32 p. ; _c18 cm. |
||
| 049 | _aBNPD | ||
| 999 |
_c27558 _d27558 |
||